[Event "2nd Sharjah Masters 2018"]
[Site "Sharjah"]
[Date "2018.04.17"]
[Round "7"]
[White "Sundararajan, Kidambi"]
[Black "Al Hosani, Omran"]
[Result "1-0"]
[WhiteElo "2436"]
[BlackElo "2101"]
[Annotator "TA"]
[PlyCount "108"]
[EventDate "2018.??.??"]
[EventType "swiss"]
[EventCountry "UAE"]
[SourceTitle "playchess.com"]
[Source "ChessBase"]
[SourceQuality "1"]

{[%evp 15,108,17,28,23,21,22,31,13,21,21,13,7,37,3,7,4,11,9,43,0,0,0,0,0,-6,-6,-5,-5,-6,-14,-4,-8,0,0,0,0,0,0,0,0,53,39,54,31,64,53,277,277,277,251,260,268,262,282,272,268,276,255,416,431,425,424,424,417,414,414,414,406,679,681,654,637,623,604,791,797,1621,1605,12841,12841,12850,12850,12850,12851,12851,12851,12851,12851,12851,12851,12851,12851,12851,12851,12851]} 1. d4 Nf6 2. Nf3 g6 3. Bg5 Bg7 4. c3 d5 5. Nbd2 c6 6. e3 Bf5 7. Be2 O-O 8. O-O Nbd7 {LiveBook: 7 Games} 9. h3 {D03: 1 d4 d5 2 Nf3 Nf6 3 Bg5, including Torre Attack with early ...d5} (9. Qb3 Qb6 10. c4 Rfe8 11. Rfc1 Be6 12. h3 h6 13. Bf4 c5 14. Qa3 Rac8 15. dxc5 Nxc5 16. b4 Qa6 17. Qxa6 Nxa6 {0-1 (47) Kamsky,G (2721)-Vachier Lagrave,M (2745) Beijing 2013}) 9... h6 10. Bf4 Qb6 11. Qb3 {White is slightly better.} Ne4 12. Nxe4 Bxe4 13. Nd2 $146 ({Predecessor:} 13. Rfd1 g5 14. Bg3 Rfe8 15. h4 {1-0 (51) Ghaem Maghami,E (2564)-Nadimifar,A (2213) Teheran 2017}) 13... e5 14. dxe5 Nxe5 15. Nxe4 dxe4 16. Rfd1 Rad8 17. Rd4 Nd3 18. Qxb6 axb6 19. Rxd8 Rxd8 20. Bc7 $132 {[%mdl 2048] White has counterplay} Rd5 21. Bxd3 exd3 $11 {[%mdl 4096] Endgame KRB-KRB} 22. Rd1 b5 {[%cal Bb6b5,Bb5b4][%mdl 32]} 23. Bb6 b4 24. c4 Rd7 25. Bd4 Rd8 26. Bxg7 Kxg7 {KR-KR} 27. Kf1 c5 (27... Ra8 $11) 28. Ke1 $14 Kf6 29. Kd2 Ke5 30. a3 f5 $2 {[#]} (30... bxa3 $14 31. bxa3 Ra8) 31. axb4 $18 cxb4 32. Ra1 Kd6 33. Ra5 ({Not} 33. Kxd3 Kc5+ 34. Kc2 Kxc4 $11) 33... Kc6 34. Rd5 Ra8 {[#] Black wants to play ...Ra2.} 35. Rb5 $1 ({Less strong is} 35. Kxd3 Ra2 $16) (35. Rxd3 Kc5 $16) 35... Rd8 36. Rxb4 Kc5 $2 (36... Rf8 37. Kxd3 Rd8+ 38. Ke2 Ra8) 37. Rxb7 Kxc4 38. Rb6 Rg8 39. b3+ Kc5 40. Ra6 Kb4 41. Kxd3 Kxb3 (41... Kc5 $142 42. Kc3 h5 43. b4+ Kb5 44. Ra5+ Kb6) 42. Rb6+ {White is clearly winning.} Ka4 43. Kd4 Ka5 44. Rd6 Kb5 45. g4 fxg4 46. hxg4 h5 47. gxh5 gxh5 48. Rd5+ Kc6 49. Rxh5 Kd6 50. f4 {[%cal Bf2f4,Bf4f5][%mdl 32]} Rf8 51. Rh6+ Kd7 52. Kd5 Rf5+ 53. Ke4 Rf8 54. f5 Ke7 {Precision: White = 77%, Black = 33%.} 1-0

[Event "2nd Sharjah Masters 2018"]
[Site "Sharjah"]
[Date "2018.04.17"]
[Round "7"]
[White "Viani Antonio Dcunha"]
[Black "Abou El Zein, Eid Mahmoud"]
[Result "0-1"]
[WhiteElo "2435"]
[BlackElo "2156"]
[Annotator "TA"]
[PlyCount "92"]
[EventDate "2018.??.??"]
[EventType "swiss"]
[EventCountry "UAE"]
[SourceTitle "playchess.com"]
[Source "ChessBase"]
[SourceQuality "1"]

{[%evp 10,92,14,14,13,0,0,-26,-16,-16,-27,-18,-22,-17,-13,-20,-24,-15,-15,-15,-20,-34,-18,-22,-27,-33,-28,-36,-22,-60,-35,-32,-22,-36,-15,-14,23,23,35,10,0,0,43,41,37,62,39,29,75,0,0,0,0,0,0,-9,-1,-28,-27,-46,-12,-57,-52,-58,-47,-89,-98,-183,-13,-14,0,0,0,-20,-16,-24,-21,-18,-20,-436,-422,-29988,-29989,-29989,-29990]} 1. e4 c5 2. Nc3 Nc6 3. Bb5 Nd4 4. Ba4 (4. Nf3 a6 5. Bd3 Nc6 6. Be2 e5 7. O-O Nf6 8. d3 Be7 9. Bg5 d6 10. Nd2 O-O 11. Nc4 Be6 12. Bxf6 Bxf6 {0-1 (77) Carlsen,M (2834)-Lenic,L (2662) chess.com INT 2018}) 4... a6 5. Bb3 d6 6. Nge2 {LiveBook: 5 Games. B23: Closed Sicilian: Lines without g3} Nf6 7. O-O e6 8. Nxd4 $146 {The position is equal.} ({Predecessor:} 8. d3 Nxb3 9. axb3 Be7 10. f4 O-O 11. Ng3 d5 12. Qe2 d4 13. Nd1 a5 {½-½ (26) Fernandez Vicente,C (2470)-Felytin,L (2469) ICCF email 2015}) 8... cxd4 9. Ne2 Nxe4 10. Nxd4 Nc5 11. Re1 Be7 12. Nf3 b5 13. d4 Nxb3 14. axb3 Bb7 15. Be3 Rc8 16. Nd2 O-O {[%cal Bh8f8,Bf8f6,Bf6e6][%mdl 32]} 17. c4 Qd7 18. Qe2 Bd8 19. Rec1 Bc7 (19... Re8 {keeps more tension.} 20. f3 f5 21. Qd3 Bf6 22. Rc3 g5) 20. Qd3 f5 21. f3 Rf6 22. d5 exd5 23. cxb5 axb5 24. Bd4 Re6 25. Nf1 f4 26. Qf5 Rce8 27. Qxf4 Bd8 {[%cal Bc7d8,Bd8f6,Bf6e5][%mdl 32]} 28. Ne3 Bf6 29. Nc2 (29. Bxf6 $1 $16 Rxf6 30. Qd4) 29... Be5 $11 30. Qd2 $1 Qf7 {aiming for ...Bf4.} 31. Re1 Qf6 {Threatens to win with ...Bxd4+.} 32. Rf1 Rc8 33. Bxe5 dxe5 34. Nb4 d4 35. Ra7 Re7 36. Re1 Qe6 37. Qd3 Qd6 38. Qxb5 {[#]} (38. Qd2 $17 {was worth a try.}) 38... Rc5 $2 ({Black should try} 38... d3 $1 $19 {[%cal Rd3d2][%mdl 512]} 39. Nd5 (39. Rxb7 $2 d2 $19) (39. Nxd3 Qd4+) 39... Qxd5 40. Qxd5+ Bxd5 41. Rxe7 d2 42. R7xe5 dxe1=R+ 43. Rxe1 Rc2) 39. Qa4 $1 d3 {[#]} 40. Nxd3 $1 {[%mdl 512]} Rc2 {And now ...Qg6 would win.} (40... Qxd3 41. Rxb7) 41. Qb4 Qg6 {[%csl Gc2][%cal Rg6g2]} 42. Nf2 $1 {[#]} Bxf3 $1 {[%csl Gf3][%cal Rg6g2][%mdl 512]} 43. g3 $1 Re8 $40 {[%mdl 128] White must now prevent ...Rf8. Black mounts an attack.} 44. Qb5 $2 {[%mdl 8192]} (44. Re7 $11 {and White has nothing to worry.}) 44... Bc6 $19 45. Qb4 (45. Qb6 $19) 45... Qf5 {[%csl Gc2][%cal Rf5f2]} 46. Re2 Qf3 {Precision: White = 47%, Black = 56%.} 0-1

[Event "2nd Sharjah Masters 2018"]
[Site "Sharjah"]
[Date "2018.04.17"]
[Round "7"]
[White "Tahbaz, Arash"]
[Black "Bommini Mounika Akshaya"]
[Result "1-0"]
[WhiteElo "2434"]
[BlackElo "1831"]
[Annotator "TA"]
[PlyCount "69"]
[EventDate "2018.??.??"]
[EventType "swiss"]
[EventCountry "UAE"]
[SourceTitle "playchess.com"]
[Source "ChessBase"]
[SourceQuality "1"]

{[%evp 37,69,21,29,0,12,14,29,33,50,69,39,45,70,0,101,101,125,133,214,203,252,221,640,602,29990,29991,29991,29992,29992,1659,29996,29996,29996,87]} 1. e4 e5 2. Nf3 Nc6 3. Bb5 {[%cal Bf1b5,Bb5a4,Ba4b3][%mdl 32]} a6 4. Ba4 Nf6 5. O-O Be7 6. Re1 b5 7. Bb3 d6 8. c3 O-O 9. h3 Nb8 10. d4 Nbd7 11. Nbd2 Bb7 12. Bc2 Re8 13. Nf1 Bf8 14. Ng3 g6 15. a4 c5 16. d5 c4 17. Bg5 Be7 {C95: Closed Ruy Lopez: Breyer Variation with 10 d4} 18. Qd2 Nc5 19. Be3 Nfd7 {[#] LiveBook: 8 Games. The position is equal.} 20. a5 $146 ({Predecessor:} 20. Rf1 Bf6 21. Nh2 h5 22. axb5 axb5 23. Ne2 Bg7 24. Nf3 Qe7 25. Bg5 {1-0 (67) Zhigalko,S (2625)-Kelires,A (2523) Batumi 2018}) 20... Bc8 21. Rf1 Nb7 22. Nh2 Ndc5 23. f4 exf4 24. Rxf4 Bg5 25. Rf2 (25. Rf3 $14 Bxe3+ 26. Qxe3) 25... Bxe3 (25... Bh4 $11 {keeps the balance.} 26. Nhf1 Nd7) 26. Qxe3 $16 Qe7 27. Raf1 {[%cal Ba1f1,Bf1f4,Bf4h4][%mdl 32]} Rf8 (27... Nd8 $16 {was necessary.}) 28. Rf6 $1 $18 Qe5 29. R1f4 {Black must now prevent Nf3.} Ra7 $2 (29... Qe7 30. Rf1 Nxa5) 30. Nf3 Qe8 31. Rh4 Nd7 32. Qh6 {[%csl Gh4][%cal Rh6h7]} Nxf6 {[#]} 33. e5 $1 {[%mdl 512]} dxe5 {[#]} 34. Nh5 $1 {[%mdl 512]} gxh5 (34... Nxh5 35. Rxh5) 35. Qg5+ $2 {Precision: White = 86%, Black = 12%.} (35. Rxh5 {mates} Bf5 36. Bxf5 Nxa5 37. Bxh7+ Nxh7 38. Qxh7#) 1-0

[Event "2nd Sharjah Masters 2018"]
[Site "Sharjah"]
[Date "2018.04.17"]
[Round "7"]
[White "Dimakiling, Oliver"]
[Black "Safarli, Eltaj"]
[Result "0-1"]
[WhiteElo "2412"]
[BlackElo "2653"]
[Annotator "TA"]
[PlyCount "66"]
[EventDate "2018.??.??"]
[EventType "swiss"]
[EventCountry "UAE"]
[SourceTitle "playchess.com"]
[Source "ChessBase"]
[SourceQuality "1"]

{[%evp 17,66,-7,0,-40,-13,-52,-46,-32,-47,-39,-33,-70,-53,-81,-74,-80,-84,-81,-82,-117,-114,-207,-175,-236,-200,-293,-264,-251,-213,-260,-245,-274,-275,-269,-293,-575,-568,-573,-577,-939,-936,-1352,-1315,-1531,-1518,-29989,-29990,-29990,-29991,-29991,-29992]} 1. Nf3 Nf6 2. d4 g6 3. Bg5 Bg7 4. c3 O-O 5. Nbd2 d6 6. e4 c5 7. dxc5 dxc5 8. Qc2 Nc6 {A48: 1 d4 Nf6 2 Nf3 g6: Torre, London and Colle Systems} 9. h3 Qc7 {LiveBook: 6 Games} 10. g3 $146 ({Find the theoretical novelty and annotate with similar games:} 10. Be2 Nh5 11. g3 b6 12. Nf1 Bb7 13. Ne3 e6 14. O-O-O f6 15. Bh4 g5 {½-½ (39) Geivondian,A (2374)-Turov,M (2610) Moscow 2016}) 10... h6 {Black is slightly better.} 11. Bf4 e5 12. Be3 b6 13. g4 Bb7 14. Rg1 Ne8 {[%cal Bf6e8,Be8c7,Bc7e6][%mdl 32]} 15. Nc4 Rd8 16. Be2 Qe7 17. Kf1 Nc7 18. g5 {[#]} h5 $1 19. Nh4 (19. a4 $17) 19... Ne6 $19 20. Qc1 (20. Nf3 $142) 20... b5 21. Na3 (21. Nd2 {was forced.}) 21... a6 22. f3 Qd7 23. Ng2 Nf4 24. Bxf4 exf4 25. Nxf4 Ne5 26. Nc2 $2 (26. Kg2 {was worth a try.} Qe7 27. Qe3) 26... f5 27. gxf6 Rxf6 28. Rg5 Rdf8 29. Ng2 Rxf3+ 30. Kg1 Rf2 31. Rxe5 Bxe5 {Black mates.} 32. Qe3 {[#]} Rxe2 $1 {[%mdl 512]} 33. Qxe2 Qxh3 {Precision: White = 20%, Black = 76%.} 0-1

[Event "2nd Sharjah Masters 2018"]
[Site "Sharjah"]
[Date "2018.04.17"]
[Round "7"]
[White "Sidhant, Mohapatra"]
[Black "Kravtsiv, Martyn"]
[Result "1/2-1/2"]
[WhiteElo "2382"]
[BlackElo "2680"]
[Annotator "TA"]
[PlyCount "86"]
[EventDate "2018.??.??"]
[EventType "swiss"]
[EventCountry "UAE"]
[SourceTitle "playchess.com"]
[Source "ChessBase"]
[SourceQuality "1"]

{[%evp 21,86,8,25,25,22,22,43,36,27,29,58,35,53,41,50,43,33,41,31,44,32,25,92,34,52,41,31,36,76,0,0,0,0,0,0,0,7,10,16,13,13,7,6,6,9,20,35,0,0,0,0,0,0,0,0,0,0,0,0,0,0,0,0,0,0,0,0]} 1. e4 e5 2. Nf3 Nc6 3. Bb5 a6 4. Ba4 Nf6 5. d3 b5 6. Bb3 Be7 7. a4 b4 {C77: Ruy Lopez: 3...a6 4 Ba4 Nf6, unusual lines} 8. Nbd2 d6 9. O-O O-O (9... Na5 10. Ba2 O-O 11. c3 Rb8 12. Re1 c5 13. d4 Qc7 14. dxe5 dxe5 15. Nc4 Nxc4 16. Bxc4 bxc3 17. bxc3 a5 18. Qc2 Nd7 19. Be3 Nb6 20. Bf1 Be6 {½-½ (70) Bruzon Batista,L (2673)-Ipatov,A (2665) Saint Louis 2018}) 10. h3 Rb8 11. Re1 Be6 {LiveBook: 5 Games} 12. Bxe6 fxe6 13. c3 Nd7 14. d4 bxc3 15. bxc3 exd4 16. cxd4 Bf6 17. Nb3 $146 ({Predecessor:} 17. Nc4) 17... Qe8 18. Ba3 Rxb3 $1 19. Qxb3 Nxd4 20. Nxd4 Bxd4 21. Ra2 Qg6 (21... Qf7 $11 22. Rf1 c5) 22. Bc1 ({Better is} 22. Rd2 $16 Qf7 23. Qc2) 22... Ne5 23. Kf1 c5 24. Be3 $1 c4 25. Qd1 (25. Qb7 $16 Bxe3 26. Rxe3) 25... Bc3 $11 26. Bd2 Bd4 27. Be3 Bc3 28. Bd2 Bxd2 29. Rxd2 Qg3 {[#] aiming for ...Qh2.} 30. Kg1 Qg5 {And now ...Nf3+ would win.} 31. Re3 Nd3 $132 {[%mdl 2048] Black puts up resistance} 32. Rdxd3 cxd3 33. Qxd3 {[%mdl 4096] Endgame KQR-KQR} Qf6 34. Rf3 Qa1+ {The position is equal.} 35. Kh2 Rxf3 36. gxf3 Qxa4 37. Qxd6 {KQ-KQ} Qc4 38. Qd8+ (38. Qd7 {is interesting.} h6 39. Qe8+ Kh7 40. Kg2 a5 41. h4) 38... Kf7 39. Qd7+ Kg6 40. Qe8+ Kh6 41. Qe7 {Threatening h4.} Kg6 42. Qe8+ Kh6 43. Qe7 {Strongly threatening h4.} Kg6 {Precision: White = 84%, Black = 58%.} 1/2-1/2

[Event "2nd Sharjah Masters 2018"]
[Site "Sharjah"]
[Date "2018.04.17"]
[Round "7"]
[White "Sadhwani, Raunak"]
[Black "Mareco, Sandro"]
[Result "0-1"]
[WhiteElo "2358"]
[BlackElo "2645"]
[Annotator "TA"]
[PlyCount "100"]
[EventDate "2018.??.??"]
[EventType "swiss"]
[EventCountry "UAE"]
[SourceTitle "playchess.com"]
[Source "ChessBase"]
[SourceQuality "1"]

{[%evp 21,100,0,37,31,19,38,30,26,122,68,53,-4,-18,-14,27,41,33,35,43,-31,22,-56,-62,-66,-55,-49,-29,-74,-74,-67,-74,-72,-72,-73,-70,-76,-75,-67,-63,-68,-68,-59,-58,-198,-167,-150,-89,-233,-233,-233,-233,-233,-233,-233,-233,-233,-233,-220,-220,-240,-233,-240,-233,-240,-233,-233,-233,-233,-233,-233,-233,-295,-259,-277,-249,-288,-264,-400,-376,-288,-242]} 1. e4 c5 2. Nf3 d6 3. d4 cxd4 4. Nxd4 Nf6 5. Nc3 a6 6. Be2 e5 7. Nf3 {[%cal Bd4f3,Bf3d2,Bd2c4][%mdl 32]} Nbd7 {B92: Sicilian Najdorf: 6 Be2} (7... Be7 8. Bg5 Be6 9. Bxf6 Bxf6 10. O-O Be7 11. Nd5 Nd7 12. Bc4 Rc8 13. Qe2 Nb6 14. Nxb6 Qxb6 15. Bb3 O-O 16. Rfd1 {1-0 (55) Caruana,F (2794)-Grischuk,A (2785) Saint Louis 2017}) 8. a4 Be7 9. Be3 Ng4 10. Bc1 Ngf6 11. Be3 Qc7 {LiveBook: 4 Games} 12. Nd2 Nc5 13. b4 Ncd7 $146 ({Predecessor:} 13... Nd3+ 14. Bxd3 Qxc3 15. O-O Be6 16. Qe2 O-O 17. Rab1 Rfc8 18. h3 {0-1 (24) Kruk,S (1918)-Zeghachov,D (1990) ICCF email 2014}) 14. Nc4 b6 (14... d5 $11 15. Nxd5 (15. exd5 Bxb4 16. Bd2 Nb6 $11) 15... Nxd5 16. exd5 Bxb4+ 17. Bd2 Bxd2+ 18. Qxd2 Nf6) 15. Qd3 (15. Qd2 $16) 15... Bb7 $14 16. f3 ({White should try} 16. O-O $14) 16... d5 $1 $11 {[%cal Rd5c4]} 17. Nxd5 Nxd5 (17... Bxd5 {keeps more tension.} 18. exd5 Bxb4+ 19. c3 Bc5 20. O-O O-O) 18. exd5 Bxb4+ 19. c3 Bc5 20. Rb1 (20. d6 $14 Qc6 21. O-O) 20... O-O ({Better is} 20... b5 $15 21. Nd2 (21. axb5 axb5 22. Nd2 O-O $15) 21... Bxe3 22. Qxe3 Bxd5 23. axb5 axb5) 21. O-O {[#]} (21. d6 $11 Qc6 22. Bxc5 Qxc5 23. Qe3) 21... b5 $1 $15 {[%cal Rb5c4][%mdl 512]} 22. axb5 axb5 23. Nd2 Ra3 (23... Nf6 {with more complications.} 24. Rxb5 Bxe3+ 25. Qxe3 Nxd5 26. Qc5 Bc6) 24. Ne4 Bxe3+ 25. Qxe3 Bxd5 26. Bxb5 Bxe4 27. Qxe4 Qc5+ 28. Kh1 Nf6 {[%cal Bd7f6,Bf6g4,Bg4f2][%mdl 32]} 29. Qe2 Rxc3 30. Rfe1 {[#]} e4 $1 {[%mdl 512]} 31. fxe4 h5 {White must now prevent ...Ng4.} 32. e5 (32. h3 $15) 32... Ng4 $36 {[%mdl 2048] aiming for ...Re3. Black is really pushing.} 33. h3 Re3 (33... Qd5 $142 $1 {( -> ...Rxh3+)} 34. hxg4 Rh3+ 35. Kg1 Qc5+ 36. Qf2 Rh1+ 37. Kxh1 Qxf2 38. gxh5 Rb8) 34. Qd2 {[#]} (34. Qf1 $17 {was worth a try.} Nf2+ 35. Kh2 (35. Qxf2 $2 Rxh3+ 36. Kg1 Rh1+ 37. Kxh1 Qxf2 $19)) 34... Nf2+ $1 {[%mdl 512]} 35. Kh2 ({Much worse is} 35. Qxf2 Rxh3+ 36. Kg1 {[#]} Rh1+ $1 {[%mdl 512]} 37. Kxh1 Qxf2 $19) 35... Qxe5+ $1 ({Weaker is} 35... Rxe5 36. Rec1 $15) 36. Kg1 {[#]} Nxh3+ $1 {[%mdl 512]} 37. Kh1 (37. gxh3 Qg5+) 37... Rxe1+ 38. Qxe1 Qxe1+ 39. Rxe1 {[%mdl 4096] Endgame KRB-KRN} Nf2+ 40. Kh2 Ng4+ 41. Kg3 g6 42. Re7 Nh6 43. Rc7 Kg7 44. Bc4 Re8 45. Kf4 Rd8 46. Ke4 Kf6 47. Kf4 Rd4+ 48. Kf3 Kg5 49. g3 (49. Ke3 $142 Nf5+ 50. Ke2) 49... f5 50. Be2 Ng4 {Precision: White = 35%, Black = 73%.} 0-1

[Event "2nd Sharjah Masters 2018"]
[Site "Sharjah"]
[Date "2018.04.17"]
[Round "7"]
[White "Soumya, Swaminathan"]
[Black "Adly, Ahmed"]
[Result "0-1"]
[WhiteElo "2354"]
[BlackElo "2626"]
[Annotator "TA"]
[PlyCount "97"]
[EventDate "2018.??.??"]
[EventType "swiss"]
[EventCountry "UAE"]
[SourceTitle "playchess.com"]
[Source "ChessBase"]
[SourceQuality "1"]

{[%evp 18,97,40,25,34,25,39,41,91,22,44,49,51,14,15,4,22,0,0,0,0,8,0,-25,-16,-31,-27,-24,-13,-20,-26,-30,-22,-68,-71,-77,-75,-76,-43,-47,-36,-79,-58,-79,-81,-75,-76,-200,-200,-233,-131,-142,-125,-183,-156,-113,-17,-15,0,0,0,-1338,-1317,-1166,-643,-1190,-181,-1525,-1600,-29973,-29974,-29974,-29975,-29974,-29976,-29975,-29976,-29974,-29975,-29972,-29972,-6395]} 1. e4 c5 2. Nf3 d6 3. d4 cxd4 4. Nxd4 Nf6 5. Nc3 a6 6. g3 e5 7. Nde2 Be7 8. Bg2 h5 {B91: Sicilian Najdorf: 6 g3} (8... O-O 9. O-O b5 10. Nd5 Nxd5 11. Qxd5 Ra7 12. Be3 Rb7 13. b3 Nd7 14. Qd2 Nf6 15. Nc3 Be6 16. a4 Ng4 17. axb5 Nxe3 18. Qxe3 axb5 {½-½ (31) Anand,V (2776)-Gelfand,B (2695) Moscow 2018}) 9. h3 Be6 10. a4 {LiveBook: 15 Games} Qc8 {White has an edge.} 11. Bg5 $146 ({Predecessor:} 11. Be3 O-O 12. Qd2 Nc6 13. Nd5 Bd8 14. Nec3 Bxd5 15. Nxd5 Nxd5 16. exd5 {0-1 (45) Havelka,J (2354)-Roubalik,J (2400) Czech Republic 2017}) 11... O-O 12. Qd2 Rd8 13. Nd5 ({White should try} 13. g4 $1 $16) 13... Bxd5 14. exd5 Qf5 15. Be3 Nbd7 16. O-O Rac8 17. Rac1 e4 18. c4 Ne5 19. Nd4 Qg6 20. Qe2 Re8 21. b3 Bd8 22. Rcd1 Ba5 23. Bf4 Bb6 24. Kh2 Bc5 (24... Rc7 {looks sharper.} 25. Qd2 Nfd7 26. Qc3 Rcc8 27. a5 Bc5) 25. Bxe5 Rxe5 26. Qe3 Rce8 27. Rfe1 Nh7 28. Qf4 Ng5 29. Qd2 a5 30. Qf4 Bxd4 31. Rxd4 Rf5 32. Qe3 (32. Qd2 $17 {is the only way for White.} Nf3+ 33. Bxf3 Rxf3 34. Re3) 32... Ree5 $1 $19 33. Qd2 Qf6 $36 {[%mdl 2048] Black is on the roll.} ({Better is} 33... Nf3+ $19 34. Bxf3 Rxf3) 34. Kg1 $17 {[#]} h4 $1 {[%cal Rh4g3]} 35. g4 (35. Re3 $17 {is a better defense.}) 35... Rf3 {White must now prevent ...e3.} 36. Re3 b6 (36... Rf4 $17) 37. Bxf3 $11 Nxf3+ 38. Rxf3 exf3 {[%mdl 4096] Endgame KQR-KQR} (38... Qxf3 $5 39. Qe3 $8 Qxe3 40. fxe3 g5 $11) 39. Rf4 $2 {[%mdl 8192]} (39. Rd3 $11) 39... Qg5 $19 40. Qd4 Re1+ 41. Kh2 {[#]} Rf1 $2 (41... f5 $1 {[%mdl 512] Strongly threatening ...g6.} 42. Rxf3 (42. Rxf5 Qc1) 42... Qc1) 42. Rxf3 $2 (42. Qe4 Rxf2+ 43. Kg1) 42... Qc1 {( -> ...Rh1+)} 43. Rd3 Rh1+ {Black mates.} 44. Kg2 Qf1+ 45. Kf3 Rxh3+ 46. Ke4 Qxd3+ 47. Qxd3 Rxd3 48. Kxd3 h3 49. Kd4 {Precision: White = 41%, Black = 60%.} 0-1

[Event "2nd Sharjah Masters 2018"]
[Site "Sharjah"]
[Date "2018.04.17"]
[Round "7"]
[White "Hejazipour, Mitra"]
[Black "Petrosyan, Manuel"]
[Result "0-1"]
[WhiteElo "2304"]
[BlackElo "2560"]
[Annotator "TA"]
[PlyCount "146"]
[EventDate "2018.??.??"]
[EventType "swiss"]
[EventCountry "UAE"]
[SourceTitle "playchess.com"]
[Source "ChessBase"]
[SourceQuality "1"]

{[%evp 13,146,22,18,20,14,10,6,-16,-15,-12,-9,-13,-8,-21,-18,-33,0,0,0,0,0,0,0,-8,0,0,0,0,0,-5,-13,-16,-10,-10,-7,-11,-8,-7,-13,-9,0,0,0,0,12,10,16,0,5,0,0,0,0,0,0,0,0,0,19,0,0,0,0,0,0,7,3,0,0,-51,-51,-171,-169,-293,-295,-269,-289,-271,-124,-309,-289,-304,-303,-436,-435,-653,-637,-714,-645,-1112,-562,-745,-618,-1824,-1194,-723,0,0,0,-12833,-12833,-12833,-12834,-12833,-12835,-12835,-12835,-12836,-12836,-12837,-12836,-12837,-12837,-12840,-12840,-12843,-12843,-12843,-12844,-12844,-12845,-29988,-29989,-29989,-29990,-29990,-29991,-29991,-29992,-29992,-29993,-29993,-29994,-29994,-12849]} 1. d4 Nf6 2. c4 e6 3. Nc3 Bb4 4. Bd2 b6 5. g3 Bb7 6. Nf3 Bxf3 {E21: Nimzo-Indian: 4 Nf3} 7. exf3 O-O {LiveBook: 6 Games} 8. Be2 $146 ({Predecessor:} 8. Bg2 d5 9. f4 c6 10. Qa4 a5 11. a3 Bxc3 12. bxc3 Qc7 13. O-O Nbd7 14. Rfe1 {½-½ (66) Mamedyarov,S (2747)-Harikrishna,P (2753) Huaian 2016}) 8... d5 {The position is equal.} 9. a3 Bxc3 10. Bxc3 dxc4 11. Bxc4 Nd5 12. O-O Nc6 13. h4 Qd6 14. f4 Nxc3 15. bxc3 Na5 16. Be2 c5 17. Qa4 cxd4 18. Rfd1 e5 19. Bf3 Rac8 20. fxe5 Qxe5 21. Qxd4 Qxd4 22. cxd4 Rc3 23. Kg2 Nb3 24. Ra2 Rd8 25. Re2 Kf8 26. Re3 Rxe3 27. fxe3 $11 {[%mdl 4096] Endgame KRB-KRN} Rc8 $1 28. Be4 h6 29. Kf3 Ke7 30. Kf4 Na5 31. g4 Rc3 32. Rd3 Rc1 33. Bd5 b5 34. e4 Nc4 35. Rb3 a6 36. a4 Nb6 37. Bb7 Rf1+ 38. Kg3 Nxa4 39. Bxa6 Rd1 40. Rb4 Nc3 41. Kf3 (41. Bxb5 $11 Nxb5 42. Rxb5) 41... Rd3+ $15 42. Kf4 (42. Kg2 $15) 42... Kd6 $1 $19 43. g5 {[#]} (43. Rb2 {was the only chance.}) 43... Ne2+ $1 44. Kf5 Nxd4+ 45. Kg4 {[#]} Kc5 (45... hxg5 $1 $19 {is more deadly. aiming for ...Kc5.} 46. hxg5 Rd1) 46. Rb2 $2 (46. gxh6 $17 {was the only defense.} gxh6 47. Rb1) 46... hxg5 47. hxg5 Kb6 48. Bc8 (48. g6 {is a better defense.} f6 49. Bc8) 48... Rc3 49. Rd2 (49. Bd7 $142 Rc7 50. Bxb5 Nxb5 51. Rf2) 49... Rxc8 50. Rxd4 {KR-KR} Rc4 51. Rd7 Rc7 52. Rd5 Kc6 53. Kf5 Rd7 54. g6 fxg6+ $2 (54... f6 $19 55. Ke6 Rb7) 55. Ke6 $1 $11 Rb7 ({Not} 55... Rxd5 $2 56. exd5+ Kc7 57. Ke7 $18) 56. Rd1 $2 {[%mdl 8192]} (56. e5 $11) 56... b4 $19 57. Rc1+ Kb5 58. e5 b3 59. Kd6 b2 60. Rb1 Kc4 61. e6 Kb3 62. e7 Rb8 63. Kc7 Ra8 64. Rf1 Ka2 65. Rf8 Ra7+ 66. Kd6 b1=Q {( -> ...Qb4+)} ({Less strong is} 66... Rxe7 67. Ra8+ Kb3 68. Rb8+ Ka2 69. Kxe7 $11) 67. e8=Q {KQR-KQR} Qd3+ {Black mates.} 68. Ke5 Qe3+ 69. Kd6 Qd4+ 70. Ke6 Qc4+ 71. Kd6 Ra6+ 72. Ke5 Ra5+ 73. Kd6 Rd5+ {Precision: White = 50%, Black = 76%.} (73... Qd5+ $142 74. Kc7 Rc5+ 75. Kb6 Qd6+ 76. Qc6 Qxc6+ 77. Ka7 Ra5+ 78. Kb8 Ra8#) 0-1